000 00910cam a22002897a 4500
003 CHAP
005 20220329133913.0
008 971013s1974 r 00010 d
010 _a12497
011 _a13469
035 _a17541
040 _cCHAP
082 _a581.1343
_bC3
100 0 0 _aCarson, E. W.
_919597
245 1 4 _aThe plant root and its environment
_b: proceedings of an institute...
260 _aCharlottesville :
_bUniversity Press of Virginia,
_c1974
300 _a690 p.
_b: ilus.
590 _aBATCH-UPD
_b10
_c20130110
_lUCH01
_h1835
590 _aBATCH-UPD
_b10
_c20130410
_lUCH01
_h1206
590 _aBATCH-UPD
_b10
_c20130914
_lUCH01
_h0910
590 _aCONVERSION
_b10
_c20130109
_lUCH01
_h1308
650 1 4 _aRaíces
_994670
650 1 4 _aRaíces
_xAnatomía.
_994671
901 _aBK
942 _cLIBRO
949 _a581.1343 C3
_bBC
_cLIBRO
_d33724000547121
_eLIBRO
_h46196
_i17541
_si
_t276.00
999 _c12497
_d12497